| 000 | 01047nam a22002175i 4500 | ||
|---|---|---|---|
| 001 | 166522 | ||
| 003 | ES-MaACL | ||
| 005 | 20250725063233.0 | ||
| 008 | 990325s1881 sp |||| | spa d | ||
| 040 |
_aCCPB | B _bspa _cCCPB | B |
||
| 100 | 1 |
_aTorres Muñoz de Luna, Ramón, _d1822-1890 _9133329 |
|
| 245 | 1 | 0 |
_aPorvenir de la agricultura española _b: conferencia agricola pronunciada el dia 27 de marzo de 1881 en el Conservatorio de Artes y Oficios ... / _cpor Ramon Torres Muñoz de Luna ; precedida de un prólogo de Fernando Corradi. |
| 260 |
_aMadrid : _b[s.n.], _c1881 ( _fTipografia de Manuel G. Hernandez) |
||
| 300 |
_a32 p. ; _c24 cm. |
||
| 530 | _aDisponible en formato digital. | ||
| 650 | 0 | 4 |
_aAgricultura- _zEspaña. _99680 |
| 700 | 1 |
_aCorradi Gómez, Fernando, _d1808-1885 _940700 |
|
| 852 |
_aES-MaACL _jT-677-F-9 _z-- Enc. hol., conservando la cub. original _z-- Enc. en un vol. facticio |
||
| 856 |
_uhttp://bdh-rd.bne.es/viewer.vm?id=0000077991&page=1 _zBiblioteca Digital Hispánica |
||
| 999 |
_c166522 _d166522 |
||